000
00342nam a2200133Ia 4500
008
151001s9999||||xx |||||||||||||| ||und||
100
_a
जिंदर
245
_a
जखम
250
_a
1
260
_b
"रश्मी बुक एजन्सी, कोल्हापूर "
260
_c
2013
300
_a
134
365
_b
21
999
_c
999788
_d
999785